Language Quiz

Random Language or Italian Quiz
Score 0/20 Timer 06:00
0 Plays Today
% Correct
Pizza quattro stagioni
92.6%
Minestrone
89.8%
Acqua pazza
72.9%
Ossobuco
68.5%
Puttanesca
64%
Panna cotta
64%
Orzo
55.9%
Timballo
55.3%
Panettone
54.7%
Arrabbiata
54.5%
% Correct
Saltimbocca
53.8%
Ricotta
49.3%
Gnocchi
48.1%
Cacciatore
47.8%
Capocollo
47.4%
Carbonara
45.8%
Pesto
45.1%
Pandoro
42.2%
Pecorino
37.1%
Calzone
33.1%
Remove Ads.
Support Sporcle.
Get the best of Sporcle when you Go Orange. This ad-free experience offers more features, more stats, and more fun while also helping to support Sporcle. Thank you for becoming a member.

You're not logged in!

Compare scores with friends on all Sporcle quizzes.
OR
Log In

Show Comments

Extras

Top Quizzes Today


Score Distribution

Your Account Isn't Verified!

In order to create a playlist on Sporcle, you need to verify the email address you used during registration. Go to your Sporcle Settings to finish the process.

Report this User

Report this user for behavior that violates our Community Guidelines.

Details: